Catálogo
 En Linea

"Mitos y realidades del caribe contemporáneo" : (Registro nro. 38941)

Detalles MARC
000 -CABECERA
campo de control de longitud fija 01478nam a2200325 i 4500
001 - NÚMERO DE CONTROL
campo de control 000039451
003 - IDENTIFICADOR DEL NÚMERO DE CONTROL
campo de control DO-SdBNP
005 - FECHA Y HORA DE LA ÚLTIMA TRANSACCIÓN
campo de control 20251125141441.0
007 - CAMPO FIJO DE DESCRIPCIÓN FÍSICA--INFORMACIÓN GENERAL
campo de control de longitud fija ta
008 - DATOS DE LONGITUD FIJA--INFORMACIÓN GENERAL
campo de control de longitud fija 130628s2002 dr ac 000 0 spa d
040 ## - FUENTE DE LA CATALOGACIÓN
Centro catalogador/agencia de origen DO-SdBNP
Lengua de catalogación spa
Centro/agencia transcriptor BNPHU
Normas de descripción rda
082 #4 - NÚMERO DE LA CLASIFICACIÓN DECIMAL DEWEY
Número de clasificación 709.7293
Número de documento/Ítem C744a 2002
Número de edición 22
111 2# - ENTRADA PRINCIPAL--NOMBRE DE CONGRESO/REUNIÓN
Nombre de congreso/reunión o jurisdicción como elemento de entrada Concurso de Arte Eduardo León Jimenes
Número del congreso/reunión o número de parte o sección (19 :
Fecha del congreso/reunión 2002 :
Sede del congreso/Lugar de la reunión Santiago, República Dominicana)
9 (RLIN) 65654
245 10 - MENCIÓN DE TÍTULO
Título "Mitos y realidades del caribe contemporáneo" :
Resto del título catálogo de obras 2002 /
Mención de responsabilidad, etc. introducción, Sara Hermann.
246 ## - FORMA VARIANTE DE TÍTULO
Título propio/Titulo breve XIX Concurso de Arte Eduardo León Jimenes
264 ## - PRODUCCIÓN, PUBLICACIÓN, DISTRIBUCIÓN, FABRICACIÓN Y COPYRIGHT
Producción, publicación, distribución, fabricación y copyright Santiago de los Caballeros, República Dominicana :
Nombre del de productor, editor, distribuidor, fabricante Grupo León Jimenes,
Fecha de producción, publicación, distribución, fabricación o copyright 2002.
300 ## - DESCRIPCIÓN FÍSICA
Extensión 195 páginas :
Otras características físicas ilustraciones, retratos ;
Dimensiones 32 cm.
336 ## - TIPO DE CONTENIDO
Término de tipo de contenido texto
Código de tipo de contenido txt
Fuente rdacontent
337 ## - TIPO DE MEDIO
Nombre/término del tipo de medio sin mediación
Código del tipo de medio n
Fuente rdamedia
338 ## - TIPO DE SOPORTE
Nombre/término del tipo de soporte volumen
Código del tipo de soporte nc
Fuente rdacrdacarrier
500 ## - NOTA GENERAL
Nota general Incluye índice de obras y autores
500 ## - NOTA GENERAL
Nota general Catálogo de una exposición realizada en el Centro León, Santiago de los Caballeros, República Dominicana, 14 de octubre de 2010-ene. 9, 2011.
590 ## - NOTA LOCAL (RLIN)
Nota local Inventariado, 2020 /LP
650 #7 - PUNTO DE ACCESO ADICIONAL DE MATERIA--TÉRMINO DE MATERIA
Término de materia o nombre geográfico como elemento de entrada Arte dominicana
Subdivisión cronológica Siglo XXI
Subdivisión de forma Exposiciones.
Fuente del encabezamiento o término LEMB
9 (RLIN) 88544
650 #7 - PUNTO DE ACCESO ADICIONAL DE MATERIA--TÉRMINO DE MATERIA
Término de materia o nombre geográfico como elemento de entrada Arte
Subdivisión geográfica República Dominicana
Subdivisión de forma Concursos
Subdivisión cronológica Siglo XXI
9 (RLIN) 88545
650 #7 - PUNTO DE ACCESO ADICIONAL DE MATERIA--TÉRMINO DE MATERIA
Término de materia o nombre geográfico como elemento de entrada Arte
Subdivisión geográfica República Dominicana
Subdivisión de forma Exposiciones
Subdivisión cronológica Siglo XXI
9 (RLIN) 88546
700 1# - PUNTO DE ACCESO ADICIONAL--NOMBRE DE PERSONA
Nombre de persona Hermann, Sara
9 (RLIN) 58086
Término indicativo de función/relación introducción
Código de función/relación introd.
910 ## - DATOS DE OPCIÓN DEL USUARIO (OCLC)
Datos de opción del usuario Validado. Control de calidad MFF
942 ## - ELEMENTOS DE PUNTO DE ACCESO ADICIONAL (KOHA)
Fuente del sistema de clasificación o colocación Dewey Decimal Classification
Tipo de ítem Koha Libro
Existencias
Estado de retiro Estado de pérdida Fuente del sistema de clasificación o colocación Restricciones de uso No para préstamo Código de colección Localización permanente Ubicación/localización actual Ubicación en estantería Fecha de adquisición Total de préstamos Signatura topográfica completa Código de barras Fecha visto por última vez Precio válido a partir de Tipo de ítem Koha
    Dewey Decimal Classification Excluido de préstamo   Patrimonio Dominicano Biblioteca Nacional Pedro Henríquez Ureña Biblioteca Nacional Pedro Henríquez Ureña Depósito 28.06.2013   BNPHU PD 709.7293 C744a 2002 39451-10 25.06.2020 25.06.2020 Libro

Con tecnología Koha